Entry Nombre personal
001 - NÚMERO DE CONTROL
- campo de control: 60060
003 - IDENTIFICADOR DE NÚMERO DE CONTROL
- campo de control: OSt
005 - FECHA Y HORA DE LA ÚLTIMA TRANSACCIÓN
- campo de control: 20230222192251.0
008 - ELEMENTOS DE DATO DE LONGITUD-FIJA
- campo de control de longitud fija: 041015 n acnnnaaan n ann d
040 ## - FUENTE DE CATALOGACIÓN
- Centro catalogador/agencia de origen: OSt
- Centro/agencia transcriptor: OSt
100 1# - ENCABEZAMIENTO-NOMBRE DE PERSONA
- Nombre de persona: Grimm, Jacob (
- Fechas asociadas al nombre: 1785-1863)
400 1# - TRAZADO DE VÉASE--NOMBRE DE PERSONA
- Nombre de persona: Brothers Grimm
400 1# - TRAZADO DE VÉASE--NOMBRE DE PERSONA
- Nombre de persona: Germans Grimm
400 1# - TRAZADO DE VÉASE--NOMBRE DE PERSONA
- Nombre de persona: Grimm, J. (
- Fechas asociadas al nombre: 1785-1863)
400 1# - TRAZADO DE VÉASE--NOMBRE DE PERSONA
- Nombre de persona: Grimm, Jakob (
- Fechas asociadas al nombre: 1785-1863)
400 1# - TRAZADO DE VÉASE--NOMBRE DE PERSONA
- Nombre de persona: Grimm, Jakob Ludwig (
- Fechas asociadas al nombre: 1785-1863)
400 1# - TRAZADO DE VÉASE--NOMBRE DE PERSONA
- Nombre de persona: Grimm, Jakob Ludwig Karl (
- Fechas asociadas al nombre: 1785-1863)
400 1# - TRAZADO DE VÉASE--NOMBRE DE PERSONA
- Nombre de persona: Grimm Brothers
400 1# - TRAZADO DE VÉASE--NOMBRE DE PERSONA
- Nombre de persona: Hermanos Grimm
400 1# - TRAZADO DE VÉASE--NOMBRE DE PERSONA
- Nombre de persona: Ko-Lin (
- Fechas asociadas al nombre: 1785-1863)
